000 01109nam a2200229Ia 4500
008 0000002002 sp ad 0000000000mul00
090 _aPSP00 C17jd
100 1 _aCastro Flórez, Fernando
245 1 0 _aJoan Duran
_c/ textos de Fernando Castro Flórez ; traducción Montse Holgado, Josephine Watson ; fotografías Martí Gasull
300 _a[32] p.
_c/ 28 cm.
500 _aExposición realizada en la Galería Joan Prats ArtGrafic de Barcelona en los meses de septiembre y octubre de 2002 \ Incluye datos biográficos y cronología artística \ Texto en español, catalán e inglés \ Donación de Klaus Steinmetz, julio de 2016
501 _aTEXTO: la pintura en erupción, unas consideraciones sobre la obra de Joan Duran
600 0 0 _a DURAN, JOAN, 1947 /
_xTRABAJOS PICTORICOS
650 1 4 _a PINTURA ESPAÑOLA
650 1 4 _aARTE CONTEMPORANEO CATALAN
650 1 4 _aARTE CONTEMPORANEO ESPAÑOL
650 1 4 _xCATALOGOS
650 1 4 _xEXPOSICIONES
650 1 4 _aPINTORES ESPAÑOLES
650 1 4 _aPINTURA MODERNA ESPAÑOLA
999 _c16118
_d16118
260 _aBarcelona : Galeria Joan Prats
_c2002